Štúdium možnosti využitia hydromotora Setur pri aerácii vody : Diplomová práca

Salvato in:
Dettagli Bibliografici
Autore principale: Jakubjak, Rastislav (Autore)
Altri autori: Hostin, Stanislav, 1953- (xxx)
Natura: Manoscritto Libro
Lingua:slovacco
Pubblicazione: Trnava : STU v Bratislave MtF KEBI, 2002
Soggetti:
Tags: Aggiungi Tag
Nessun Tag, puoi essere il primo ad aggiungerne!!

MARC

LEADER 00000ntm a22000003a 4500
001 stu76880
005 20160719155034.5
008 020730s2002----xo------------------slo-d
040 |a STU  |b slo 
041 0 |a slo 
044 |a xo 
100 1 |a Jakubjak, Rastislav  |4 aut 
245 1 |a Štúdium možnosti využitia hydromotora Setur pri aerácii vody :  |b Diplomová práca 
260 |a Trnava :  |b STU v Bratislave MtF KEBI,  |c 2002 
300 |a 75 s  |c abstr. 
650 7 |a prevzdušňovanie vody  |2 stusub 
650 7 |a hydromotory  |2 stusub 
650 7 |a životné prostredie  |2 stusub 
700 1 |a Hostin, Stanislav,  |d 1953-  |4 xxx  |u M390  |U MTF Materiálovotechnologická fakulta  |T MTF Katedra environmentálneho a bezpečnostného inžinierstva  |X 2898  |U M390  |Y 177  |7 A000002898